00487cam a2200145 i 4500020001800000041001400018082001500032100003000047245006900077260006900146300001600215500005300231520002900284650002800313 a9780000306456 aMalayalam a954.83 VAR1 aRāghavavāriyar, M. R.10aMaddhyakālakēraḷaṃ : Swaroopaneethiyute Charitrapatangal aKottayam, KeralabSahithya Pravarthaka Cooperative Societyc2014 a291 pages ; aReprint. Originally published in September 2014. aMedieval Kerala history. aHistory-Medieval-Kerala